Missing Word: Blattermouth Quiz Stats

 Plays Quiz not verified by Sporcle

Score 0/12 Timer 02:00
0 Plays Today
Quote Word % Correct
Say something, ladies. You are always speaking at ____, say something now.Home
70%
We are in a game, and at the end of the game, we shake _____, and this can happen, because we have worked so hard against racism...Hands
70%
I think in football there's too much modern _______ in transferring players or buying players here and there, and putting them somewhere.Slavery
60%
I am the president of _________. Everybody
55.6%
We reach 1.6 billion people. FIFA is more influential than any country in the world or any _______ through the positive emotions football triggers.Religion
50%
Every game should have a ______.Winner
50%
I cannot be _______.Stopped
50%
I can't _______ everyone all the time. Monitor
50%
We have to clean here _____.First
44.4%
Let the women play in more ________ clothes like they do in volleyball.Feminine
40%
I can't ask everyone to behave _________ just like that.Ethically
40%
I must stress that those who are _______ in football are in the tiny minority. Corrupt
40%

You're not logged in!

Compare scores with friends on all Sporcle quizzes.
OR
Log In

Show Comments

Extras

Top Quizzes Today


Score Distribution

Your Account Isn't Verified!

In order to create a playlist on Sporcle, you need to verify the email address you used during registration. Go to your Sporcle Settings to finish the process.

Report this User

Report this user for behavior that violates our Community Guidelines.

Details: